Normal view
MARC view
- Dominio (Psicología)
Entry Materia
001 - NÚMERO DE CONTROL DEL REGISTRO
- campo de control: 44439
003 - IDENTIFICADOR DE NUMERO DE CONTROL
- campo de control: UPN
005 - FECHA Y HORA DE LA ÚLTIMA TRANSACCIÓN
- campo de control: 20220518090112.0
008 - DATOS DE LONGITUD FIJA
- campo de control de longitud fija: 220518|| anz||babn | a|a d
040 ## - FUENTE DE LA CATALOGACIÓN
- Centro catalogador de origen: MX-MxUPN
046 ## - FECHAS CON CODIFICACIÓN ESPECIAL
- Fecha final para contenidos agregados: 2022
150 ## - ENCABEZAMIENTO - TEMÁTICO
- Término de materia o nombre geográfico como elemento inicial: Dominio (Psicología)
450 ## - VÉASE - MATERIA
- Encabezamiento temático: Dominance (Psychology)
450 ## - VÉASE - MATERIA
- Encabezamiento temático: Jerarquía social (Psicología)
550 ## - VÉASE ADEMÁS - MATERIA
- Encabezamiento temático o nombre geográfico como elemento de entrada: Control (Psicología)
670 ## - FUENTE EN LA QUE SE LOCALIZARON DATOS
- Cita de la fuente: Autoridades LIBRUNAM, 18-05-2022
- Información localizada: (Encabezamiento: Dominio (Psicología))
